Minimalist Super Heroes 6 (Franchises) Quiz Stats

Quiz not verified by Sporcle

Also try: Gimme 5: Musicals
Challenge
Share
Tweet
Score 0/18 Timer 06:00
0 Plays Today
team hero % Correct
Franchise Team 2Blue Beetle
82.9%
Franchise Team 2Captain Marvel
76.7%
Franchise Team 2Green Lantern (Guy)
73.4%
Franchise Team 1Hawkeye
68.8%
Franchise Team 1Scarlet Witch
67.7%
Franchise Team 2Captain Atom
67%
Franchise Team 1Wonderman
63.7%
Franchise Team 2Booster Gold
62.4%
Franchise Team 1Spiderwoman
60.7%
team hero % Correct
Franchise Team 1the Vision
60.6%
Franchise Team 3Aqualad
58.5%
Franchise Team 3Cyborg
53.8%
Franchise Team 3Bumble Bee
51.6%
Franchise Team 2Elongated Man
49.2%
Franchise Team 3Speedy
46.8%
Franchise Team 3Menos
42%
Franchise Team 3Mas
41.5%
Franchise Team 1War Machine
39.8%

You're not logged in!

Compare scores with friends on all Sporcle quizzes.
Join for Free
OR
Log In

You Might Also Like...

Show Comments

Extras

Top Quizzes Today


Score Distribution

Your Account Isn't Verified!

In order to create a playlist on Sporcle, you need to verify the email address you used during registration. Go to your Sporcle Settings to finish the process.

Report this User

Report this user for behavior that violates our Community Guidelines.

Details: